| 000 | 00000nam 2200000zi 4500 |
| 001 | 9.891662 |
| 003 | CaOODSP |
| 005 | 20240415113454 |
| 006 | m o d f |
| 007 | cr mn||||||||| |
| 008 | 200922t20202020onc o f000 0 eng d |
| 020 | |a9780660360683 |
| 040 | |aCaOODSP|beng|erda|cCaOODSP |
| 043 | |an-cn--- |
| 086 | 1 |aPS4-69/2020E-PDF |
| 245 | 00|aVictims of crime : |bstaying informed. |
| 264 | 1|a[Ottawa] : |bPublic Safety Canada = Sécurité publique Canada, |c[2020] |
| 264 | 4|c©2020 |
| 300 | |a1 online resource (23 pages) |
| 336 | |atext|btxt|2rdacontent |
| 337 | |acomputer|bc|2rdamedia |
| 338 | |aonline resource|bcr|2rdacarrier |
| 500 | |aIssued also in French under title: Les victimes d'actes criminels se tiennent au courant. |
| 650 | 0|aVictims of crimes|xLegal status, laws, etc.|zCanada. |
| 650 | 0|aVictims of crimes|xCivil rights|zCanada. |
| 650 | 0|aVictims of crimes|xServices for|zCanada. |
| 710 | 1 |aCanada. |bPublic Safety Canada, |eissuing body. |
| 775 | 08|tLes victimes d'actes criminels se tiennent au courant. |w(CaOODSP)9.891663 |
| 775 | 08|tAniki ka ki macihihiwakaniwitcik kata nosanehamok kitci tipatcimotcik minawa.|w(CaOODSP)9.913815 |
| 794 | |tVictims of crime : |w(CaOODSP)9.919908 |
| 795 | |tVictims of crime |w(CaOODSP)9.808269 |
| 856 | 40|qPDF|s213 KB|uhttps://publications.gc.ca/collections/collection_2021/sp-ps/PS4-69-2020-eng.pdf |
| 856 | 4 |qHTML|sN/A|uhttps://www.publicsafety.gc.ca/cnt/rsrcs/pblctns/vctms-crm-styng-nfrmd/index-en.aspx |